Rap / hip-hop: what city? - Statistics

General Stats
  • This quiz has been taken 20 times
  • The average score is 7 of 15
Answer Stats
Artist Town/City % Correct
Eminem Detroit
100%
Dr. Octagon New York
89%
Cypress Hill Los Angeles
78%
Vanilla Ice Miami
78%
MC Hammer Oakland
44%
Poppin’ Hyun Joon Seoul
44%
MD&C Pavlov Moscow
39%
Nelly St. Louis
39%
Tasman Keith Sydney
33%
Die Antwoord Cape Town
28%
MC Yan Hong Kong
28%
Bitrinho Sao Paulo
22%
DJ Kool Herc Kingston
17%
Buck 65 Mount Uniacke
17%
M1llionz Birmingham
11%
No matching quizzes found
Score Distribution
Percent of People with Each Score
Percentile by Number Answered
Your Score History
You have not taken this quiz